000 00477nam a2200181Ia 4500
008 120918t2003 xxu||||| |||| 00| 0 sin d
041 _asin
080 _a8 - 31 (eng)
_bGRA
100 _aGraniyer,J. A. R.
245 _aආදම් ගේ දූපත
246 _aAdam Ge Dupatha
260 _aFast Publishers
_aColombo
_c2003
300 _b294p, 21 cm
700 _aDisanayaka,Sujeewa
_etr.
942 _cBK
999 _c40942
_d40942
003 LK-CoDNM
040 _aLK-CoDNM
_dLK-CoDNM
_eLK-CoDNM